000 00306nam a22001337a 4500
008 190304b xxu||||| |||| 00| 0 eng d
020 _a027778004993
041 _aeng
080 _a038
100 _a23
101 _aFJA
245 _aThe Dictionary of 20th Century Allusions
_cCole, S
942 _2udc
_cBK
999 _c54441
_d54441